00552cam a22001457a 4500008004000000082001800040100001600058245010200074260003500176300001400211650003500225650003900260999001900299952008800318180718b1956 xxu||||| |||| 00| 0 eng d aB1241x42 C188 aCarey, A.T. aColonial students: a study of the social adaptation of colonial students in Londoncby A.T. Carey aLondonbSecker & Warburgc1956 axii, 267p aGreat Britain -Race relations. aStudents, Foreign -England -London c417662d417662 00104070aIIPAbIIPAd2009-03-27oB1241x42 C188p4251r2018-07-21w2018-07-21yBK